[Event "VI Festival Magistrale"]
[Site "Verona ITA"]
[Date "2000.01.??"]
[Round "5"]
[White "Ventura, Boris"]
[Black "Lotti, Fabio"]
[Result "1/2-1/2"]
[WhiteElo "2131"]
[BlackElo "1867"]
[PlyCount "67"]
[EventDate "2000.01.02"]

1. e4 e6 2. d4 d5 3. Nc3 Bb4 4. Qg4 Bf8 5. e5 h5 6. Qd1 c5 7. Nge2 Nc6 8. f4
Nh6 9. Be3 Nf5 10. Bf2 cxd4 11. Nxd4 Ncxd4 12. Bxd4 Bd7 13. Qd2 Nxd4 14. Qxd4
Qa5 15. f5 Bc5 16. Qd3 O-O-O 17. O-O-O exf5 18. Nxd5 Kb8 19. Qg3 Be6 20. Bc4 h4
21. Qb3 Rhe8 22. Rhe1 a6 23. a4 Bxd5 24. Bxd5 Re7 25. c3 f4 26. Kb1 Be3 27.
Bxf7 Rxd1+ 28. Rxd1 Qxe5 29. Bd5 Rd7 30. Ka2 Qc7 31. h3 Qc5 32. Bf3 Qc7 33.
Rxd7 Qxd7 34. Qg8+ 1/2-1/2